| 000 | 01019nas a2200265 4500 | ||
|---|---|---|---|
| 001 | BR8602552 | ||
| 003 | BR-BrBNA | ||
| 005 | 20231205090459.0 | ||
| 007 | ta | ||
| 008 | 230509b bl.|||p| |||| 00| 00por d | ||
| 040 |
_aBR-BrBNA _bpor _cBiblioteca Nacional de Agricultura |
||
| 041 | _a(Pt) | ||
| 072 | _aP33 | ||
| 100 | 1 | _aPrimavesi, O. | |
| 100 | 1 | _aMello, F.A.F. | |
| 100 | 1 | _aLibardi, P.L. | |
| 245 | 1 | _aInfluencia da compactacao em caracteristicas quimicas e propriedades fisicas de amostras de solo cultivadas com feijoeiro (Phaseolus vulgaris L.) | |
| 246 | 1 | _aInfluence of compaction an chemical characteristics and physical properties of soil samples cropped with beans (Phaseolus vulgaris L.) | |
| 650 | _aFEIJAO | ||
| 650 | _aCOMPACTACAO DO SOLO | ||
| 650 | _aPROPRIEDADE FISICO-QUIMICA | ||
| 773 | 0 |
_tAnais da Escola Superior de Agricultura Luiz de Queiroz (Brazil) _xISSN 0071-1276 _g(1984), v. 41(1) p. 465-483 _wBR8602552 |
|
| 909 |
_a202311 _bLúcia _c55 _dLúcia Elande |
||
| 942 |
_2AGRIS _n0 _cANA |
||
| 999 |
_c118740 _d118740 |
||